LEADER 00915nam a2200217 i 4500 001 000000029679 003 CaOOAMICUS 005 20180830125448.0 008 180830s1831 it u000 u ita u 040 $aSeMil$bita 100 1 $aBartoli, Daniello,$c.$0(OLS)http://semarc/name/89705 245 10$aDell'istoria della Compagnia di Gesł :$bl'Asia /$cdescritta pal p. Daniello Bartoli. 260 $aMilano :$bCoi tipi di Alessandro Dozio,$c1831. 300 $a3 v. ;$c23 cm. 650 4$aGesuiti - Storia.$0(OLS)http://semarc/subject/4681 650 4$aGesuiti - Missioni - Asia.$0(OLS)http://semarc/subject/4740 774 0 $tVol. 1.$g1$w()228723 774 0 $tVol. 2.$g2$w()228725 774 0 $tVol. 3.$g3$w()228726 996 $6245$aDell'istoria della Compagnia di Gesł :$bl'Asia$9(OLS)http://semarc/title/40334 996 $6260$aMilano :$bCoi tipi di Alessandro Dozio$9(OLS)http://semarc/publisher/37341 LEADER 01040nas a2200253 i 4500 001 000000111286 003 CaOOAMICUS 005 20060413000000.0 008 050722b2004 it uu u0 0ita r 013 $a83968 040 $aSeMil$bita 245 10$a[2004]. 260 $aBellinzona :$bSalvioni,$c2004 (copyr. 2004-2005) 300 $a719 p. . ill. ;$c23 cm. 700 1 $aPro Helvetia, Fondazione svizzera per la cultura .$0(OLS)http://semarc/name/46654 710 1 $aTicino .$0(OLS)http://semarc/name/46653 773 0 $tBollettino Storico della Svizzera Italiana.$bEd. semestrale.$dBellinzona : Salvioni $x0006-6869$w()12261 774 0 $t[SENZA TITOLO].$z88-7967-110-3$w()262222 774 0 $t[SENZA TITOLO].$z88-7967-119-7$w()262223 850 $aSeMil 852 $aSeMil$W1$xVenegono$y1$m213 2 153$j67121$B67121$CSeMilBibl$Z2$F110648 $85 961 $aCambio: Scuola Cattolica 996 $6245$a[2004]$9(OLS)http://semarc/title/140369 996 $6260$aBellinzona :$bSalvioni$9(OLS)http://semarc/publisher/33368